| 000 | 00750nas a2200277 4500 | ||
|---|---|---|---|
| 001 | BR2014000617 | ||
| 003 | BR-BrBNA | ||
| 005 | 20231205123645.0 | ||
| 007 | ta | ||
| 008 | 230509b bl.|||p| |||| 00| 00por d | ||
| 040 |
_aBR-BrBNA _bpor _cBiblioteca Nacional de Agricultura |
||
| 041 | _a(En) | ||
| 072 | _aH60 | ||
| 100 | 1 | _aHijano, N. | |
| 100 | 1 | _aMonquero, P.A. | |
| 100 | 1 | _aMunhoz, W.S. | |
| 100 | 1 | _aGusmão, M.R. | |
| 245 | 1 | _aHerbicide selectivity in alfalfa crops | |
| 650 | _aALFAFA | ||
| 650 | _aHERBICIDA | ||
| 650 | _aTOXIDEZ | ||
| 650 | _aSELEÇÃO | ||
| 773 | 0 |
_tPlanta Daninha (Brazil) _xISSN 0100-8358 _g(2013), v. 31(4) p. 903-918 _wBR2014000617 |
|
| 909 |
_a202311 _bLúcia _c55 _dLúcia Elande |
||
| 942 |
_2AGRIS _n0 _cANA |
||
| 999 |
_c235025 _d235025 |
||